00437nam a2200133Ia 4500003000400000008004100004020002300045040000800068041000700076100002000083245014600103260004600249300000800295LDD190117s9999 xx 000 0 und d a818567163Xc₹180 cLDD ahi aराहुल 0aकाव्य-दृष्टि और अभिव्यंजनाb गिरिजाकुमार माथुरcराहुल aदिल्लीbभावनाc1996 a200